00418nam a2200157Ia 4500003000400000008004100004040001600045082001500061100002200076245005200098260004200150300001100192490002500203650001400228650001800242GCL140319s9999 xx 000 0 eng d aGCL / cGCL04a910.3bL E1 aLE LIVRE DE POCHE10aENCYCLOPEDIE GEOGRAPHIQUE / cLE LIVRE DE POCHE a[S.N] : bLE LIVRE DE POCHE ، c1988 a1113 P aLE LIVRE DE POCHEv004aGEOGRAPHY04aENCYCLOPEDIES